Excursions in classical analysis : (رقم التسجيلة. 22272)
[ عرض عادي ]
| 000 -الفاتح | |
|---|---|
| حقل البيانات ثابتة الطول | 01082cam a22002895a 4500 |
| 001 - رقم الضبط | |
| رقم الضبط | 16142565 |
| 003 - محدد رقم الضبط | |
| رقم الضبط | OSt |
| 005 - وقت وتاريخ اخر تعامل مع التسجيلة | |
| رقم الضبط | 20150408114025.0 |
| 008 - عناصر البيانات ثابتة الطول - معلومات عامة | |
| حقل البيانات ثابتة الطول | 100318s2010 dcu 000 0 eng |
| 010 ## - رقم ضبط مكتبة الكونجرس | |
| رقم ضبط مكتبة الكونجرس | 2010924991 |
| 020 ## - الرقم الدولى المعيارى للكتب | |
| الرقم الدولى المعيارى للكتاب | 9780883857687 |
| 040 ## - مصدر الفهرسة | |
| وكالة الفهرسة الأصلية | DLC |
| وكالة النسخ | DLC |
| وكالة التعديل | DLC |
| 042 ## - رمز التحقق | |
| رمز التحقق | pcc |
| 082 ## - رقم تصنيف ديوى العشرى | |
| رقم الطبعة | 22 |
| رقم التصنيف | 515 |
| 100 1# - المدخل الرئيسى - إسم شخصى | |
| الإسم الشخصى | Chen, Hongwei. |
| 9 (RLIN) | 14384 |
| 245 10 - بيان العنوان | |
| العنوان | Excursions in classical analysis : |
| بقية العنوان | pathways to advanced problem solving and undergraduate research / |
| بيان المسئوليه,etc | Hongwei Chen. |
| 250 ## - بيان الطبعة | |
| بيان الطبعة | 1st ed. |
| 260 ## - PUBLICATION, DISTRIBUTION, ETC. (IMPRINT) | |
| مكان الناشر او الموزع | Washington, DC : |
| اسم الناشر او الموزع | Mathematical Association of America, |
| تاريخ النشر أو التوزيع | 2010. |
| 263 ## - تاريخ النشر المتوقع | |
| تاريخ النشر المتوقع | 1004 |
| 300 ## - الوصف المادى | |
| التعداد | p. cm. |
| 490 0# - بيان السلسلة | |
| عنوان السلسلة | Classroom resource materials |
| 856 41 - الوصول و الموقع الالكترونى | |
| مواد محددة | Table of contents only |
| معرف المصدر الموحد | <a href="http://www.loc.gov/catdir/enhancements/fy1009/2010924991-t.html">http://www.loc.gov/catdir/enhancements/fy1009/2010924991-t.html</a> |
| 856 42 - الوصول و الموقع الالكترونى | |
| مواد محددة | Publisher description |
| معرف المصدر الموحد | <a href="http://www.loc.gov/catdir/enhancements/fy1009/2010924991-d.html">http://www.loc.gov/catdir/enhancements/fy1009/2010924991-d.html</a> |
| 856 42 - الوصول و الموقع الالكترونى | |
| مواد محددة | Contributor biographical information |
| معرف المصدر الموحد | <a href="http://www.loc.gov/catdir/enhancements/fy1009/2010924991-b.html">http://www.loc.gov/catdir/enhancements/fy1009/2010924991-b.html</a> |
| 942 ## - عناصر المدخل الإضافي( كوها) | |
| مصدر التصنيف او مخطط الترفيف | Dewey Decimal Classification |
| Koha [default] item type | كتاب |
| حالة الفقد | نموذج السعر الفعال | حالة تلف | ليس للاعارة | رقم الطلب | تاريخ الاكتساب | الموقع الحالي | الباركود | الفرع الرئيسي | Date last seen | نوع المادة فى نظام كوها | مصدر التصنيف او خطة الترفيف | Total Checkouts |
|---|---|---|---|---|---|---|---|---|---|---|---|---|
| 2013-03-10 | 515 C H E | 2012-06-03 | مكتبة كلية التربية بالزلفى - طالبات (EZF) | 00088094 | مكتبة كلية التربية بالزلفى - طالبات (EZF) | 2013-03-10 | كتاب | Dewey Decimal Classification | ||||
| 2013-03-10 | 515 C H E | 2012-06-03 | مكتبة كلية التربية بالزلفى - طالبات (EZF) | 00088095 | مكتبة كلية التربية بالزلفى - طالبات (EZF) | 2013-03-10 | كتاب | Dewey Decimal Classification | ||||
| 2013-03-10 | 515 C H E | 2012-06-04 | مكتبة كلية التمريض - طالبات (CNF) | 00088124 | مكتبة كلية التمريض - طالبات (CNF) | 2013-03-10 | كتاب | Dewey Decimal Classification | ||||
| 2013-03-10 | 515 C H E | 2012-06-04 | مكتبة كلية التمريض - طالبات (CNF) | 00088123 | مكتبة كلية التمريض - طالبات (CNF) | 2013-03-10 | كتاب | Dewey Decimal Classification | ||||
| 2013-03-10 | 515 C H E | 2012-05-20 | مكتبة مجمع الطالبات بالمجمعة (EMF) | 00086549 | مكتبة مجمع الطالبات بالمجمعة (EMF) | 2013-03-10 | كتاب | Dewey Decimal Classification | ||||
| 2013-03-10 | 515 C H E | 2012-05-20 | مكتبة مجمع الطالبات بالمجمعة (EMF) | 00086550 | مكتبة مجمع الطالبات بالمجمعة (EMF) | 2013-03-10 | كتاب | Dewey Decimal Classification | ||||
| 2013-03-10 | 515 C H E | 2012-06-01 | مكتبة مجمع الكليات بالزلفى - طلاب (SZM) | 00086313 | مكتبة مجمع الكليات بالزلفى - طلاب (SZM) | 2013-03-10 | كتاب | Dewey Decimal Classification | ||||
| 2013-03-10 | 515 C H E | 2012-06-01 | مكتبة مجمع الكليات بالزلفى - طلاب (SZM) | 00086314 | مكتبة مجمع الكليات بالزلفى - طلاب (SZM) | 2013-03-10 | كتاب | Dewey Decimal Classification |
